000 00620cam a22002052 4500
001 0000019947
005 20151021151137.0
008 110324s xx 000 0 eng d
020 _a9966150813 :
_c$
040 _aKABU
_cKABU
100 1 _aKisire, Sharon J.
_@0000179951
245 1 0 _aSimple revision Guide :
_bhuman resource management /
_cSharon J. Kisire.
250 _a1st ed.
260 _aNairobi, Kenya,
_c2010.
300 _aiv, 275 p ;
_c cm.
650 0 _aPersonnel management.
_@0000150761
852 1 _9p850 KES
908 _a110324
950 _@1
999 _c1153
_d1153